| 000 | 01128cab a2200241 4500 | ||
|---|---|---|---|
| 001 | ABS67565 | ||
| 008 | 040304n2004 000 0 eng u | ||
| 035 | _a(Sirsi) u125332 | ||
| 100 | _aHutton, M. | ||
| 245 | 4 | _aThe land transaction return | |
| 260 | _c2004 | ||
| 490 |
_aTaxation _v152(3943) 5 February 2004, 434-436 and 463-465(6) |
||
| 520 | _aThe first part of this two part article introduces the stamp duty land tax compliance documentation commonly referred to as SDLT 1. Gives advice on filling out the form and provides a commentary to the first 48 boxes which are mainly concerned with details of the new lease. The concluding part comments on the boxes 49 to 71 of the form. Looks at the three supplementary forms and suggests some preliminary information to be sought from the purchaser in order to enable accurate completion of the form. | ||
| 590 | _aABS | ||
| 650 | _aSTAMP DUTY | ||
| 650 | _aSTAMP DUTY LAND TAX | ||
| 650 | _aFINANCE ACT 2003 | ||
| 650 | _aSTAMP DUTY LAND TAX (ADMINISTRATION) REGULATIONS 2003 | ||
| 650 | _aSDLT 1 | ||
| 690 | _aTAXATION | ||
| 700 | _aAnstey, S. | ||
| 942 | _n0 | ||
| 999 |
_c74238 _d74238 |
||